Artículos sociales, políticos y de crítica literaria / (Record no. 88702)

MARC details
000 -LEADER
campo de control de longitud fija 00776nam a2200241 i 4500
001 - NÚMERO DE CONTROL
campo de control 88702
003 - IDENTIFICADOR DE NÚMERO DE CONTROL
campo de control ES-MaACL
005 - FECHA Y HORA DE LA ÚLTIMA TRANSACCIÓN
campo de control 20240604120304.0
007 - CAMPO FIJO DE DESCRIPCIÓN FÍSICA--INFORMACIÓN GENERAL
campo de control de longitud fija t|
008 - DATOS DE LONGITUD FIJA--INFORMACIÓN GENERAL
campo de control de longitud fija 050105s1982 sp ||||1| spa d
080 ## - NÚMERO DE LA CLASIFICACIÓN DECIMAL UNIVERSAL
Número de la Clasificación Decimal Universal 821.134.2-43"18"
100 1# - ENTRADA PRINCIPAL--NOMBRE DE PERSONA
Nombre de persona Larra, Mariano José de,
Fechas asociadas al nombre 1809-1837
9 (RLIN) 70287
245 10 - MENCIÓN DEL TÍTULO
Título Artículos sociales, políticos y de crítica literaria /
Mención de responsabilidad, etc. Mariano José de Larra ; edición, estudio y notas de Juan Cano Ballesta.
250 ## - MENCION DE EDICION
Mención de edición 1ª ed.
260 ## - PUBLICACIÓN, DISTRIBUCIÓN, ETC.
Lugar de publicación, distribución, etc. Madrid :
Nombre del editor, distribuidor, etc. Alhambra,
Fecha de publicación, distribución, etc. 1982.
300 ## - DESCRIPCIÓN FÍSICA
Extensión VII, 490 p. ;
Dimensiones 20 cm.
490 1# - MENCIÓN DE SERIE
Mención de serie Clásicos ;
Designación de volumen o secuencia 24
700 0# - ENTRADA AGREGADA--NOMBRE PERSONAL
Nombre de persona Cano Ballesta, Juan,
Fechas asociadas al nombre 1932-
9 (RLIN) 34542
830 0# - PUNTO DE ACCESO ADICIONAL DE SERIE-TÍTULO UNIFORME
Título uniforme Colección Clásicos (Alhambra) ;
Designación de volumen o secuencia 24
9 (RLIN) 235956
852 4# - LOCALIZACIÓN
Ubicación BA
Número de control de estantería L-3188
942 ## - ELEMENTOS DE ENTRADA SECUNDARIOS (KOHA)
Fuente del sistema de clasificación o colocación Clasificación decimal universal
Holdings
Estatus retirado Estado de pérdida Estado de daño No para préstamo Biblioteca de origen Biblioteca actual Ubicación en estantería Fecha de adquisición Fuente de adquisición Total de préstamos Signatura topográfica completa Código de barras Visto por última vez Precio de reemplazo Tipo de ítem Koha
        Biblioteca del Ateneo de Madrid Biblioteca del Ateneo de Madrid Depósito 2 17/01/2008     L-3188 1092651 23/02/2023 23/02/2023 Libro impreso